000 00460nam a2200181 i 4500
001 bgj
100 1 _aPARKER, Robert B.
245 1 0 _aDouble deuce /
_cRobert Parker.
260 _aNew York :
_bBerkley Books,
_c1993.
300 _a244 pp :
_b17 cm.
650 9 _aAmerican |Detecitve and mystery stories
020 _a0425137937
040 _cBPK
041 0 _aeng
920 _a0-425-13793-7
942 _cKS
008 s uk f |000 0 eng
999 _c48351
_d48351
856 _uhttp://koha.tu.koszalin.pl/cgi-bin/koha/opac-detail.pl?biblionumber=48351
_yKatalog online BPK